000 00733nam a2200289Ia 4500
005 20260324123101.0
008 008 260324s9999 xx 000 0 eng d
020 _a9780203834497
037 _aEBOOK
040 _aCRL
040 _beng
040 _cCRL
041 _2eng
041 _aeng
084 _qCRL
100 _aInsung Jung; Colin Latchem
_91168963
245 0 _aQuality Assurance and Accreditation in Distance Education and e-Learning
245 0 _bModels, Policies and Research
260 _bTaylor and Francis
260 _c2012
365 _a
365 _b300
856 _uhttp://www.taylorfrancis.com/books/9780203834497
942 _cEBOOK
999 _c1762173
_d1762173